000 00310nam a22001457a 4500
008 210427b ||||| |||| 00| 0 eng d
020 _a0870943782
041 _aeng
080 _a338.5
082 _a338.5
100 _a57
101 _aQM
245 _aOption Pricing
_cRobert A. Jarrow
942 _2udc
_cBK
999 _c56858
_d56858